000 00650nam a2200241Ia 4500
001 43934
005 20240114003608.0
007 ta
008 090210s397A g b000 u 346 u
040 _aCotton College Assam
041 _a346
082 _a891.41409
_bGo 59 Am
100 _aGoswami, Himanish .
245 0 _aAmar Ramayan /
_cHimanish Goswami.
_hTextual Documents
250 _aIst ed /
260 _aCalcutta :
_bMitra & Ghosh publishers ,
_c1397Assamese.
300 _a185pg ;
_c22cm.
653 _aBengali-Amar Ramayan
653 _aT/G-Amar Ramayan
942 _2ddc
_cBK
999 _c43900
_d43900